000 00402cam a2200169ua 4500
020 _c28.00
041 _aeng
_h
082 _a786.7
_bDOU/EL
100 _aDouglas, Alan .
245 _aElectical production of music /
_cAlan Douglas.
_hTextual Documents
260 _aLondon :
_bMcDonald ,
_c1957.
300 _a ; .
365 _a28.00
504 _a
942 _cBK
999 _c7070
_d7070